000 00413nam a2200157 4500
001 108275
003 ES-MaACL
005 20230906184620.0
007 t|
008 061121s1929 it r ||||1| ita d
100 1 _aMolle, Stefano.
_982050
245 1 2 _aL'ordine di Malta e la cavalleria /
_cStefano Molle.
260 _aRoma :
_bPinciana,
_c1929.
300 _a84 p. ;
_c18 cm.
852 _aES-MaACL
_j1735-F-2
999 _c108275
_d108275